Tokyo Metro - Ginza Line Stations - Statistics

General Stats
  • This quiz has been taken 376 times
  • The average score is 11 of 19
Answer Stats
Station Number Stations % Correct
G09 Ginza
93%
G01 Shibuya
93%
G19 Asakusa
87%
G16 Ueno
83%
G02 Omotesando
78%
G08 Shinbashi
63%
G11 Nihonbashi
60%
G13 Kanda
58%
G05 Akasaka-Mitsuke
55%
G04 Aoyama-Itchome
55%
G03 Gaienmae
55%
G07 Toranomon
48%
G10 Kyobashi
46%
G06 Tameike-Sanno
46%
G15 Ueno-Hirokoji
43%
G14 Suehirocho
41%
G12 Mitsukoshimae
40%
G17 Inaricho
38%
G18 Tawaramachi
38%
No matching quizzes found
Score Distribution
Percent of People with Each Score
Percentile by Number Answered
Your Score History
You have not taken this quiz